书目信息 |
| 题名: |
歌剧《纽伦堡的名歌手》序曲
|
|
| 作者: | 瓦格纳 作曲 | |
| 分册: | ||
| 出版信息: | 北京 人民音乐出版社 1983 |
|
| 页数: | 60页 | |
| 开本: | 20cm | |
| 丛书名: | ||
| 单 册: | ||
| 中图分类: | J653.2(516) , J653.2 | |
| 科图分类: | ||
| 主题词: | 歌剧--序曲--德国 , 歌剧 , 序曲 | |
| 电子资源: | ||
| ISBN: | 7-103-02237-2 | |
| 000 | 00697nam0 2200241 45 | |
| 001 | 010020007895 | |
| 005 | 20070805090040.68 | |
| 010 | @a7-103-02237-2@dCNY5.90 | |
| 100 | @a20020112e20001983em y0chiy0120 ea | |
| 101 | 0 | @ager@gchi |
| 102 | @aCN@b110000 | |
| 105 | @ag z 000yy | |
| 200 | 1 | @a歌剧《纽伦堡的名歌手》序曲@9ge ju《 niu lun bao de ming ge shou》 xu qu@e管弦乐总谱@f(德)瓦格纳作曲 |
| 210 | @a北京@c人民音乐出版社@d1983@h2001 | |
| 215 | @a60页@c乐谱@d20cm | |
| 606 | 0 | @a歌剧@x序曲@y德国 |
| 606 | 0 | @a歌剧 |
| 606 | 0 | @a序曲 |
| 690 | @aJ653.2(516)@v4 | |
| 690 | @aJ653.2@v3 | |
| 701 | 0 | @a瓦格纳@9wa ge na@4作曲 |
| 801 | 0 | @aCN@bRENTIAN@c20070805 |
| 905 | @a10447@dJ653.2@e322 | |
| 歌剧《纽伦堡的名歌手》序曲:管弦乐总谱/(德)瓦格纳作曲.-北京:人民音乐出版社,1983(2001) |
| 60页:乐谱;20cm |
| ISBN 7-103-02237-2:CNY5.90 |
| ● |
| 相关链接 |
|
|
|
|
正题名:歌剧《纽伦堡的名歌手》序曲
索取号:J653.2/322
 
预约/预借
| 序号 | 登录号 | 条形码 | 馆藏地/架位号 | 状态 | 备注 |
| 1 | 0807213 | 208072137 | 第一样本阅览室/ [索取号:J653.2/322] | 在馆 | |
| 2 | 0807214 | 208072146 | 第一借阅区/ [索取号:J653.2/322] | 在馆 | |
| 3 | 0807215 | 208072155 | 第一借阅区/ [索取号:J653.2/322] | 在馆 | |
| 4 | 0807216 | 208072164 | 第一借阅区/ [索取号:J653.2/322] | 在馆 | |
| 5 | 0807217 | 208072173 | 第一借阅区/ [索取号:J653.2/322] | 在馆 | |
| 6 | 0807218 | 208072182 | 第一借阅区/ [索取号:J653.2/322] | 在馆 | |
| 7 | 0807219 | 208072191 | 第一借阅区/ [索取号:J653.2/322] | 在馆 | |
| 8 | 0807220 | 208072208 | 密集书库-音乐系/ [索取号:J653.2/322] | 在馆 | |
| 9 | 0807221 | 208072217 | 密集书库-音乐系/ [索取号:J653.2/322] | 在馆 | |
| 10 | 0807222 | 208072226 | 密集书库-音乐系/ [索取号:J653.2/322] | 在馆 |